书目信息 |
| 题名: |
物流工程
|
|
| 作者: | 林强 主编 | |
| 分册: | ||
| 出版信息: | 北京 清华大学出版社;北京交通大学出版社 2009.01 |
|
| 页数: | 431页 | |
| 开本: | 24cm | |
| 丛书名: | ||
| 单 册: | ||
| 中图分类: | F411 | |
| 科图分类: | ||
| 主题词: | 工业经济--世界 | |
| 电子资源: | ||
| ISBN: | 978-7-81123-491-6 | |
| 000 | 00567nam0 2200181 450 | |
| 001 | 202410129724029320 | |
| 005 | 20241012100640.09 | |
| 010 | @a978-7-81123-491-6@d¥42.00 | |
| 100 | @a20241012d km y0chiy0120 ea | |
| 101 | 0 | @achi |
| 200 | 1 | @a物流工程@AWu Liu Gong Cheng@f林强主编@FLin Qiang Zhu Bian |
| 210 | @a北京@c清华大学出版社;北京交通大学出版社@d2009.01 | |
| 215 | @a431页@d24cm | |
| 606 | 0 | @a工业经济@x世界 |
| 690 | @aF411@v4 | |
| 701 | 0 | @a林强@ALin Qiang@4主编 |
| 801 | 0 | @aCN@b大连网信软件有限公司图书馆·11@c20241012 |
| 905 | @aZUCC@b1422923@dF411@e24@f1 | |
| 物流工程/林强主编.-北京:清华大学出版社;北京交通大学出版社,2009.01 |
| 431页;24cm |
| ISBN 978-7-81123-491-6:¥42.00 |
| ● |
| 相关链接 |
|
|
|
|
正题名:物流工程
索取号:F411/24
 
预约/预借
| 序号 | 登录号 | 条形码 | 馆藏地/架位号 | 状态 | 备注 |
| 1 | 1422923 | 214229235 | 密集书库-海洋学院/ [索取号:F411/24] | 在馆 |